Праздник, который всегда с тобой (Запись № 4518294)

Подробности
000 -МАРКЕР
контрольное поле 00982nam0a2200277 4500
001 - ИДЕНТИФИКАТОР ЗАПИСИ
контрольное поле RU\NLR\bibl\2036604
005 - ИДЕНТИФИКАТОР ВЕРСИИ
контрольное поле 20260406155643.0
010 ## - МЕЖДУНАРОДНЫЙ СТАНДАРТНЫЙ НОМЕР КНИГИ (ISBN)
Номер (ISBN) 978-5-17-078409-7
Уточнения АСТ
Тираж 2000
021 ## - НОМЕР ГОСУДАРСТВЕННОЙ РЕГИСТРАЦИИ
Код страны Российская Федерация
Номер 2013-34810
Номер Листа государственной регистраци 2384
035 ## - ДРУГИЕ СИСТЕМНЫЕ НОМЕРА
Идентификатор записи (NLR Aleph) 002024020
100 ## - ДАННЫЕ ОБЩЕЙ ОБРАБОТКИ
Данные общей обработки 20130524d2013 |||y0rusy50 ca
101 1# - ЯЗЫК РЕСУРСА
Язык текста, звукозаписи и т.д. русский
Язык оригинала английский
102 ## - СТРАНА ПУБЛИКАЦИИ ИЛИ ПРОИЗВОДСТВА
Страна публикации Российская Федерация
105 ## - ПОЛЕ КОДИРОВАННЫХ ДАННЫХ: ТЕКСТОВЫЕ МАТЕРИАЛЫ, МОНОГРАФИЧЕСКИЕ
Кодированные данные о монографическом текстовом документе a |||||||||
200 1# - ЗАГЛАВИЕ И СВЕДЕНИЯ ОБ ОТВЕТСТВЕННОСТИ
Основное заглавие Праздник, который всегда с тобой
Сведения, относящиеся к заглавию [роман]
Первые сведения об ответственности Эрнест Хемингуэй
Последующие сведения об ответственности [пер. с англ. В. П. Голышева]
210 ## - ПУБЛИКАЦИЯ, РАСПРОСТРАНЕНИЕ И ДР.
Место издания, распространения и т.д. Москва
Имя издателя, распространителя и т. д. АСТ
Дата издания, распространения и т.д. 2013
215 ## - ФИЗИЧЕСКАЯ ХАРАКТЕРИСТИКА
Специфическое обозначение материала и объем 286, [1] с., [8] л. ил., портр., факс.
Размеры 21
225 1# - СЕРИЯ
Основное заглавие серии Зарубежная классика
333 ## - ПРИМЕЧАНИЯ ОБ ОСОБЕННОСТЯХ РАСПРОСТРАНЕНИЯ И ИСПОЛЬЗОВАНИЯ
Текст примечания 12+
700 #1 - ИМЯ ЛИЦА - ПЕРВИЧНАЯ ОТВЕТСТВЕННОСТЬ
Код отношения Автор
Графика поля Кириллица
Материалы, к которым относится поле rus
Начальный элемент ввода Хемингуэй
Часть имени, кроме начального элемента ввода Э.
Даты 1899-1961
Расширение инициалов личного имени Эрнест
Системный номер авторитетной/нормативной записи 117806
Идентификатор авторитетной/нормативной записи RU\NLR\auth\777882
801 #0 - ИСТОЧНИК ЗАПИСИ
Страна Российская Федерация
Организация NLR
Дата составления 20130524
Правила каталогизации RCR
801 #1 - ИСТОЧНИК ЗАПИСИ
Страна Российская Федерация
Организация NLR
Дата составления 20130524
942 ## - ДОПОЛНИТЕЛЬНЫЕ ЭЛЕМЕНТЫ ЗАПИСИ (АБИС)
Тип экземпляра АБИС Книга
980 ## - КОЛЛЕКЦИЯ
Название коллекции Национальная библиография
Экземпляры
Тип экземпляра Дата поступления Источник поступления Библиотека постоянного хранения Библиотека текущего хранения Место хранения Шифр хранения Штрих-код Статус экземпляра Стоимость
Книга 24.05.2013 Обязательный экземпляр РНБ (Московский) РНБ (Московский) Русский книжный фонд: издания с 1957 года 2013-3/16546 1-4227350    
Книга 24.05.2013 Обязательный экземпляр РНБ (Московский) РНБ (Московский) Обменный фонд   3890756   150.00